000 00269nam a2200121Ia 4500
008 190216s9999||||xx |||||||||||||| ||und||
100 _aRowge A L
245 4 _aThe Use Of History
260 _bHodder Ans Stoughton
300 _a247
650 _aHistory
942 _cBK
999 _c20502
_d20502